Widok standardowy
Widok MARC
Pozycja Personal Name
Liczba rekordów, w których użyto hasła: 1
001 - Numer kontrolny
- control field: 40199
003 - Identyfikator numeru kontrolnego
- control field: NUKAT
005 - Data i czas ostatniej modyfikacji
- control field: 20260416194357.0
008 - Dane kontrolne kodowane (40 znaków)
- fixed length control field: 050119n||azznnbabn |a aaa |
010 ## - Numer kontrolny Biblioteki Kongresu
- numer kontrolny LC: p 2004442150
035 ## - Numer systemowy
- numer systemowy: a17007987
040 ## - Instytucja sporządzająca rekord
- inst. przygot. dane do rek. khw: WA N/RZhb
- język haseł przedmiotowych/tezaurus: DBN
- inst. wprow. rek. khw: WA N/RZjm
100 1# - Hasło - nazwa osobowa
- nazwa osobowa w formie ujednoliconej: Nidecki, Andrzej Patrycy
- daty biograficzne: (1522-1587)
400 1# - Trop zob. - nazwa osobowa
- nazwa osobowa (nazwisko, imiona): Nidecki, Andrzej
400 1# - Trop zob. - nazwa osobowa
- nazwa osobowa (nazwisko, imiona): Nidecius, Patricius, Andreas
400 1# - Trop zob. - nazwa osobowa
- nazwa osobowa (nazwisko, imiona): Patricius, Andreas
670 ## - Źródło informacji
- źródło informacji: Polskie osiągnięcia naukowe na obczyźnie / Wacław Kietlicz-Wojnacki. - Lublin, 1980
670 ## - Źródło informacji
- źródło informacji: LP
670 ## - Źródło informacji
- źródło informacji: PSB